Top 100 Most Influential Persons in History - Statistics

General Stats
  • This quiz has been taken 197 times
  • The average score is 36 of 100
Answer Stats
Hint Person % Correct
Religious Figure Jesus
98%
World Leader Adolf Hitler
91%
Religious Figure Muhammad
89%
World Leader Joseph Stalin
87%
World Leader George Washington
84%
Scientist Albert Einstein
79%
World Leader Winston Churchill
75%
World Leader Abraham Lincoln
74%
Composer Wolfgang Amadeus Mozart
74%
Composer Ludwig van Beethoven
73%
World Leader Vladimir Lenin
72%
Scientist Isaac Newton
71%
World Leader Napoleon
71%
Philosopher Socrates
71%
Explorer Christopher Columbus
69%
World Leader Julius Caesar
69%
Artist Leonardo da Vinci
67%
Philosopher Plato
67%
World Leader Franklin D. Roosevelt
66%
Philosopher Aristotle
64%
World Leader Theodore Roosevelt
64%
Author William Shakespeare
64%
Religious Figure Gautama Buddha
62%
World Leader John F. Kennedy
62%
Revolutionary Mohandas Karamchand Gandhi
61%
World Leader Genghis Khan
56%
Composer Johann Sebastian Bach
53%
World Leader Thomas Jefferson
53%
World Leader Alexander the Great
52%
World Leader Ronald Reagan
50%
Philosopher Karl Marx
48%
Revolutionary Martin Luther
48%
Artist Michelangelo
48%
World Leader Andrew Jackson
46%
World Leader George W. Bush
45%
Scientist Thomas Edison
45%
Scientist Charles Darwin
43%
World Leader John Adams
42%
Scientist Nikola Tesla
42%
World Leader Richard Nixon
42%
World Leader Harry S. Truman
41%
Artist Vincent van Gogh
41%
Scientist Benjamin Franklin
40%
Scientist Galileo Galilei
40%
World Leader Charlemagne
39%
Author Charles Dickens
39%
World Leader Augustus
38%
Musical Artist Elvis Presley
38%
World Leader Queen Victoria
36%
Religious Figure Saint Peter
31%
Religious Figure Joseph Smith, Jr.
30%
Scientist Nicolaus Copernicus
30%
World Leader Woodrow Wilson
30%
Philosopher Adam Smith
29%
Philosopher Friedrich Nietzsche
29%
World Leader James Madison
28%
World Leader Ulysses S. Grant
28%
Philosopher Immanuel Kant
26%
Explorer James Cook
26%
Author Mark Twain
26%
World Leader Otto von Bismarck
26%
General Robert E. Lee
25%
Revolutionary Joan of Arc
23%
Philosopher Voltaire
23%
Author Alexander Hamilton
22%
Philosopher René Descartes
22%
World Leader William the Conqueror
22%
Author Dante Alighieri
21%
Religious Figure Pope John Paul II
20%
Composer Richard Wagner
19%
Scientist Sigmund Freud
19%
Composer Pyotr Ilyich Tchaikovsky
18%
Philosopher John Locke
17%
Author Edgar Allan Poe
16%
Philosopher Jean-Jacques Rousseau
14%
Mythological Figure King Arthur
13%
Author Johann Wolfgang von Goethe
11%
Philosopher John Calvin
11%
Revolutionary Oliver Cromwell
11%
Religious Figure Augustine of Hippo
9%
Author Oscar Wilde
9%
Scholar Cicero
8%
World Leader Grover Cleveland
8%
Religious Figure Thomas Aquinas
8%
Artist Francis Bacon
7%
World Leader Elizabeth I of England
5%
World Leader Constantine the Great
4%
World Leader Henry VIII of England
4%
World Leader Louis XIV of France
4%
Religious Figure Paul the Apostle
4%
Scientist Carl Linnaeus
3%
World Leader James I of England
3%
World Leader Louis XVI of France
3%
World Leader Philip II of Spain
3%
World Leader Charles II of England
2%
World Leader Charles I of England
2%
Religious Figure David, King of Israel
2%
Religious Figure Ali, founder of Sufism
1%
World Leader Charles V, Holy Roman Emperor
1%
World Leader George III of the United Kingdom
1%
No matching quizzes found
Score Distribution
Percent of People with Each Score
Percentile by Number Answered
Your Score History
You have not taken this quiz